Регионална библиотека "Любен Каравелов" - Русе

Характери (Запис номер 53999)

MARC детайли
000 -Лидер
Контролно поле с фиксирана дължина 01145nam a2200313 a 4500
003 - Код на организацията, давaща контролен номер
Контролно поле BLK
005 - Дата и час на последна редакция
Контролно поле 20230526100547.0
008 - Елементи от данни с фиксирана дължина
fixed length control field 180408b bul|||||r ||||||| ||bul||
010 ## - Наследен системен номер
LC control number KNG00057943000
040 ## - Източник на каталожния запис
Идентификатор на билиотеката - собственик на записа BLK
041 ## - Код за език
Код за езика на текст/звукозапис или на отделно заглавие Български
Код за езика КДБФ Български
080 ## - УДК
Текстов определител УДК Класическа гръцка литература. Старогръцка литература
УДК код - определител по УДК 821.142
УДК определител -4
УДК - код + определител 821.142-4
100 1# - Редна дума - Автор
Автор Теофраст
Авторска отговорност първи автор
R(LIN) 269361
139 ## - Редно поле
Редна дума Теофраст
Авторски знак Теоф - Т 50
245 10 - Сведения за заглавието
Заглавие Характери
Редно поле (дума) Теофраст; прев. от старогр. Богдан Богданов; ред. Георги Михайлов.
257 ## - Страна на издаване
Страна на създаване/издаване България
260 ## - Област на издателските данни
Име на издателя, разпространителя и проч. Нар. култура
Година на издаване 1968
Място на издаване, разпространение и проч. София
300 ## - Физическа характеристика
Страници 96 с.
Размери/Мащаб 25 см
380 ## - Жанр
Жанр Худож. лит.
700 1# - Други автори (авторска отговорност)
Лично име Богданов, Богдан
Автороска отговорност (Описва отношението между автора и произведението) прев. от старогр.
9 (RLIN) 365783
700 1# - Други автори (авторска отговорност)
Лично име Михайлов, Георги
Автороска отговорност (Описва отношението между автора и произведението) ред.
9 (RLIN) 364615
852 ## - Местоположение
Форматна сигнатура Цб 47081
856 4# - Електронен адрес и достъп
Електронен формат pdf - файл
856 4# - Електронен адрес и достъп
Електронен формат pdf - файл
999 ## - СИСТЕМНИ КОНТРОЛНИ НОМЕРА
Koha biblionumber 53999
Koha biblioitemnumber 53999
942 ## - АРТИКУЛИ
Вид на библиотечния материал Книги
Скрит в OPAC Не
Периодичен библиозапис Да
Koha issues (borrowed), all copies 1
944 ## - СЪЗДАВАНЕ И РЕДАКЦИЯ на ЗАПИСА
Създаване/Редакция Създаване
Дата на регистрацията/редакция 16.02.2018
Служител, извършил регистрацията/редакцията Симона_Петрова
944 ## - СЪЗДАВАНЕ И РЕДАКЦИЯ на ЗАПИСА
Създаване/Редакция Редакция
Дата на регистрацията/редакция 16.02.2018
Служител, извършил регистрацията/редакцията Симона_Петрова
999 ## - СИСТЕМНИ КОНТРОЛНИ НОМЕРА
Koha biblioitemnumber 53999
Наличности
Код за отписване Код за изгубен артикул Източник на класификационната схема Код за повреда Коз за рестрикции Код за отдаване Артикулен № Име на библиотеката - собственик Име на библиотеката, в която се намира в момента Статус (Текущо местоположение) Дата на вписване в системата Местоположение - отдел Цена в лева Инвентарен номер Систематично азбучна сигнатура Баркод Номер на екземпляра Цена в евро Служебна бележка Служебен тип на артикула
  Не е изгубен Universal Decimal Classification Не е повреден без рестрикции ползва се в читалня 85051 Регионална библиотека "Любен Каравелов" Русе Регионална библиотека "Любен Каравелов" Русе Хранилище 1968-01-01 Хранилище 0.64 13495/68 Цб 47081 900000102362 1 0.33 Дост: Dp Вид: Д N: стар фонд Дата: 01.01.1968 Книги
  Не е изгубен Universal Decimal Classification Не е повреден без рестрикции заемане за дома 85052 Регионална библиотека "Любен Каравелов" Русе Регионална библиотека "Любен Каравелов" Русе Заемна - подръчен фонд 1968-01-01 Заемна - подръчен фонд 0.64 13704/68 П 875-4/Т 50 900000092848 2 0.33 Дост: DA Вид: А N: стар фонд Дата: 01.01.1968 Дата инв: 08.03.2018 Бележки инв: П2018 Книги
Изтеглен Не е изгубен Universal Decimal Classification Не е повреден без рестрикции заемане за дома 85053 Регионална библиотека "Любен Каравелов" Русе Регионална библиотека "Любен Каравелов" Русе Заемна - подръчен фонд 1968-01-01 Заемна - подръчен фонд 0.00 13705/68 П 875-4/Т 50 13705/68 3 0.00 Дост: DA Вид: А N: стар фонд Дата: 01.01.1968 Книги
Изтеглен Не е изгубен Universal Decimal Classification Не е повреден без рестрикции заемане за дома 85054 Регионална библиотека "Любен Каравелов" Русе Регионална библиотека "Любен Каравелов" Русе Заемна - подръчен фонд 1968-01-01 Заемна - подръчен фонд 0.00 13706/68 П 875-4/Т 50 13706/68 4 0.00 Дост: DA Вид: А N: стар фонд Дата: 01.01.1968 Книги
Изтеглен Не е изгубен Universal Decimal Classification Не е повреден без рестрикции заемане за дома 85055 Регионална библиотека "Любен Каравелов" Русе Регионална библиотека "Любен Каравелов" Русе Заемна - подръчен фонд 1968-01-01 Заемна - подръчен фонд 0.00 13707/68 П 875-4/Т 50 13707/68 5 0.00 Дост: DA Вид: А N: стар фонд Дата: 01.01.1968 Книги
Изтеглен Не е изгубен Universal Decimal Classification Не е повреден без рестрикции заемане за дома 85056 Регионална библиотека "Любен Каравелов" Русе Регионална библиотека "Любен Каравелов" Русе Заемна - подръчен фонд 1968-01-01 Заемна - подръчен фонд 0.64 539100 П 875-4/Т 50 539100 6 0.33 Дост: DA Вид: А N: стар фонд Дата: 01.01.1968 Дата инв: 16.02.2018 Бележки инв: П2018 Книги
Изтеглен Не е изгубен Universal Decimal Classification Не е повреден без рестрикции заемане за дома 85057 Регионална библиотека "Любен Каравелов" Русе Регионална библиотека "Любен Каравелов" Русе Заемна - подръчен фонд 1968-01-01 Заемна - подръчен фонд 1.00 643208 П 875-4/Т 50 643208 7 0.51 Дост: DA Вид: А N: стар фонд Дата: 01.01.1968 Книги
Изтеглен Не е изгубен Universal Decimal Classification Не е повреден без рестрикции заемане за дома 85058 Регионална библиотека "Любен Каравелов" Русе Регионална библиотека "Любен Каравелов" Русе Заемна - подръчен фонд 1968-01-01 Заемна - подръчен фонд 2.00 661482 П 875-4/Т 50 661482 8 1.02 Дост: DA Вид: А N: стар фонд Дата: 01.01.1968 Книги
Vip Innovations Ltd, Rousse, Bulgaria 2025